Seriál: Finančné trhy pre začiatočníkov

Charakteristika a základné pojmy segmentu finančného trhu - devízový trh.

Salvato in:
Dettagli Bibliografici
Autore principale: Pilch, Ctibor, 1957-
Natura: Capitolo di libro
Lingua:slovacco
Soggetti:
Tags: Aggiungi Tag
Nessun Tag, puoi essere il primo ad aggiungerne!!

MARC

LEADER 00000nla$a2200000$$$4500
001 0056139
005 20240502071634.6
041 0 |a slo 
044 |a SK 
245 1 0 |a Seriál: Finančné trhy pre začiatočníkov 
520 |a Charakteristika a základné pojmy segmentu finančného trhu - devízový trh. 
610 2 0 |a trh finančný 
610 2 0 |a trh menový 
610 2 0 |a pojmy 
610 2 0 |a obchod zahraničný 
610 2 0 |a kurz devízový 
610 2 0 |a devalvácia 
610 2 0 |a revalvácia 
610 2 0 |a bilancia platobná 
610 2 0 |a miera úroková 
100 1 |a Pilch, Ctibor, 1957-